Educación y trabajo productivo
Wedi'i Gadw mewn:
| Prif Awdur: | |
|---|---|
| Fformat: | Llyfr |
| Iaith: | Sbaeneg |
| Cyhoeddwyd: |
Buenos Aires
IRICE
1986
|
| Cyfres: | Aportes para el Congreso Pedagógico Nacional, 5
|
| Pynciau: | |
| Tagiau: |
Ychwanegu Tag
Dim Tagiau, Byddwch y cyntaf i dagio'r cofnod hwn!
|
MARC
| LEADER | 00000nam a2200000 a 4500 | ||
|---|---|---|---|
| 001 | UCY3660 | ||
| 003 | CL-VaPUC | ||
| 008 | 950111e19860000AG |||||||||||||||||spa|d | ||
| 082 | 0 | 4 | |a 373.246 |b MAR |2 21 |
| 100 | |a Márquez, Ángel Diego |e autor |9 355572 | ||
| 245 | 1 | 0 | |a Educación y trabajo productivo |
| 300 | |a 8 p | ||
| 942 | |c BK | ||
| 945 | |d 19950111 00:00:00 |a rbrito | ||
| 260 | |a Buenos Aires |b IRICE |c 1986 | ||
| 650 | 0 | |a Educación y trabajo |9 332027 | |
| 650 | 0 | |a Formación profesional |9 257232 | |
| 583 | |a last modification |c 19950111 00:00:00 |k Rodrigo Vera | ||
| 490 | 0 | |a Aportes para el Congreso Pedagógico Nacional, 5 | |
| 999 | |c 231739 |d 231737 | ||
| 952 | |0 0 |1 0 |4 0 |6 373_246000000000000_MAR_1986 |7 0 |8 P |9 235357 |a BIBEDU |b BIBEDU |c BIBEDU_PB |d 2019-11-15 |i 3037312 |o 373.246 MAR 1986 |p 3037312 |r 2024-01-25 |w 2019-11-15 |y BK |k EDU | ||